|
|
|
|
| LEADER |
01364nam a2200337 a 4500 |
| 001 |
39770 |
| 003 |
BD-DhAAL |
| 008 |
221019t1993 dcu b 000 0 eng d |
| 999 |
|
|
|c 44989
|d 44989
|
| 010 |
|
|
|a 93023293
|
| 020 |
|
|
|a 1565170121 :
|c $9.95
|
| 040 |
|
|
|a DLC
|c DLC
|d DLC
|d BD-DhAAL
|
| 043 |
|
|
|a d------
|
| 050 |
0 |
0 |
|a HC60
|b .N446 1993
|
| 082 |
0 |
0 |
|a 338.91091724
|2 20
|
| 100 |
1 |
|
|a Nelson, Joan M.
|9 51982
|
| 245 |
1 |
0 |
|a Global goals, contentious means :
|b issues of multiple aid conditionality /
|c Joan M. Nelson and Stephanie J. Eglinton.
|
| 260 |
|
|
|a Washington, D.C. :
|b Overseas Development Council,
|c c1993.
|
| 300 |
|
|
|a xi, 124 pages ;
|c 23 cm.
|
| 490 |
|
|
|a Policy essay ;
|v no. 10
|
| 504 |
|
|
|a Includes bibliographical references.
|
| 541 |
|
|
|a Donated By Akbar Ali Khan
|e 39770
|
| 650 |
|
0 |
|a Economic assistance
|z Developing countries.
|9 51983
|
| 650 |
|
0 |
|a Economic assistance
|x Political aspects.
|9 51984
|
| 650 |
|
0 |
|a Economics.
|9 51985
|
| 650 |
|
0 |
|a Conditionality (International relations)
|9 51986
|
| 700 |
1 |
|
|a Eglinton, Stephanie J.
|9 51987
|
| 830 |
|
|
|a Policy essay ;
|v no. 10
|9 51988
|
| 852 |
|
|
|a Ayesha Abed Library
|c Akbar Ali Khan Collection
|
| 942 |
|
|
|2 ddc
|c BK
|
| 952 |
|
|
|0 0
|1 0
|2 ddc
|4 0
|6 338_910917240000000_NEL
|7 1
|9 72128
|a BRACUL
|b BRACUL
|c CS1
|d 2022-10-19
|e Donated by Akbar Ali Khan
|l 0
|o 338.91091724 NEL
|p 3010039770
|r 2022-10-19
|t 1
|w 2022-10-19
|y BK
|